Guess the Disney Movie by the Song - Statistics

General Stats
  • This quiz has been taken 581 times
    478 since last reset
  • The average score is 12 of 16
Answer Stats
Hint Answer % Correct
Let it go Frozen
100%
Under the Sea The Little Mermaid
93%
A whole new world Aladdin
91%
How far I'll go Moana
91%
Circle of Life The Lion King
88%
We don't talk about Bruno Encanto
87%
You've got a friend in me Toy Story
85%
Tale as old as time Beauty and the Beast
79%
Reflection Mulan
76%
When will my life begin Tangled
76%
The Bare Necessities The Jungle Book
76%
Just around the Riverbend Pocahontas
66%
Almost there The Princess and the Frog
65%
Try Everything Zootopia
55%
Touch the Sky Brave
40%
When can I see you again Wreck it Ralph
30%
No matching quizzes found
Score Distribution
Percent of People with Each Score
Percentile by Number Answered
Your Score History
You have not taken this quiz since the last reset